Spaces for change?: the politics of citizen participation in new democratic arenas. Vol. 4 (Record no. 58030)

MARC details
000 -LEADER
fixed length control field 00861nam a2200205 a 4500
008 - FIXED-LENGTH DATA ELEMENTS--GENERAL INFORMATION
fixed length control field 090320s2007 ||||||||||||||||| || u
020 ## - INTERNATIONAL STANDARD BOOK NUMBER
International Standard Book Number 9781842775530
050 ## - LIBRARY OF CONGRESS CALL NUMBER
Classification number JF 799 Spa
100 ## - MAIN ENTRY--PERSONAL NAME
Personal name Coelho, Vera Schattan P
245 10 - TITLE STATEMENT
Title Spaces for change?: the politics of citizen participation in new democratic arenas. Vol. 4
Statement of responsibility, etc. edited by Andrea Cornwall and Vera Schattan P. Coelho
260 ## - PUBLICATION, DISTRIBUTION, ETC.
Place of publication, distribution, etc. London
Name of publisher, distributor, etc. Zed Books
Date of publication, distribution, etc. 2007
300 ## - PHYSICAL DESCRIPTION
Extent xviii, 270p.: ill
350 ## - PRICE (NR) (BK AM CF MU VM SE) [OBSOLETE]
Price 0.00
490 ## - SERIES STATEMENT
Series statement Claiming Citizenship Series
500 ## - GENERAL NOTE
General note Vol. 4 of Claiming Citizenship Series
650 ## - SUBJECT ADDED ENTRY--TOPICAL TERM
Topical term or geographic name entry element POLITICAL PARTICIPATION--CASE STUDIES--SOUTH AFRICA
650 ## - SUBJECT ADDED ENTRY--TOPICAL TERM
Topical term or geographic name entry element POLITICS
700 ## - ADDED ENTRY--PERSONAL NAME
Personal name Cornwall, Andrea
995 ## - RECOMMENDATION 995 [LOCAL, UNIMARC FRANCE]
-- 0.00
-- CBU-MAIN LIBRARY (Kitwe)
-- 1
-- 0.00
-- 1
-- AVAILABLE
-- Apr 28, 2009
-- Main Library Open Access Collection
Holdings
Withdrawn status Lost status Source of classification or shelving scheme Damaged status Not for loan Home library Current library Shelving location Date acquired Total Checkouts Full call number Barcode Date last seen Price effective from Koha item type
          CBU-MAIN LIBRARY, KITWE. CBU-MAIN LIBRARY, KITWE.   11/30/2022   JF 799 Spa 739921 11/30/2022 11/30/2022 MONOGRAPH